A Handbook for parents : education of handicapped dependent students : a free appropriate public education /

Bibliographic Details
Corporate Author: United States. Department of Defense. Dependents Schools
Format: Government Document Book
Language:English
Published: [Washington, D.C.?] : The Schools, [1982]
Series:DS manual ; 2500.7.
Subjects:

MARC

Tag First Indicator Second Indicator Subfields
LEADER 00000cam a2200000 a 4500
001 in00000855415
005 20151019071656.0
008 851020s1982 dcua f f00000 eng d
010 |a gp 86000141  
035 |a (OCoLC)12712400 
035 |9 AED6515AM 
040 |a GPO  |c GPO  |d UtOrBLW 
043 |a n-us--- 
074 |a 306-A 
086 0 |a D 1.6/2-2:2500.7 
245 0 2 |a A Handbook for parents :  |b education of handicapped dependent students : a free appropriate public education /  |c Department of Defense Dependents Schools. 
264 1 |a [Washington, D.C.?] :  |b The Schools,  |c [1982] 
300 |a 15 pages :  |b illustrations ;  |c 22 cm. 
336 |a text  |b txt  |2 rdacontent 
337 |a unmediated  |b n  |2 rdamedia 
338 |a volume  |b nc  |2 rdacarrier 
490 1 |a DS manual ;  |v 2500.7 
500 |a "September 2, 1982"--Cover. 
500 |a "A handbook for parents : education of dependent handicapped students, a free appropriate public education"--Cover title. 
650 0 |a Children with disabilities  |x Education  |z United States  |v Handbooks, manuals, etc. 
710 1 |a United States.  |b Department of Defense.  |b Dependents Schools. 
740 0 |a Education of dependent handicapped children, a free appropriate public education. 
740 2 |a A handbook for parents : education of dependent handicapped students, a free appropriate public education. 
830 0 |a DS manual ;  |v 2500.7. 
999 |a MARS 
999 f f |s c29bbbc6-c096-3128-8546-4dbc394d3977  |i a3b45712-f001-3a71-bb46-3490e5ccfcfc  |t 0 
952 f f |p normal  |a Texas A&M University  |b College Station  |c Sterling C. Evans Library  |d Evans: US Documents (Annex 5th floor)  |t 0  |e D 1.6/2-2:2500.7  |h Superintendent of Documents classification  |i unmediated -- volume  |m A14814566405 
998 f f |a D 1.6/2-2:2500.7  |t 0  |l Evans: US Documents (Annex 5th floor)